Welcome to the Holygrace Academy Library

Please use search bar below to get started

JAWAHARLAL NEHRU (Record no. 5588)

MARC details
000 -LEADER
fixed length control field 00304nam a22001337a 4500
020 ## - INTERNATIONAL STANDARD BOOK NUMBER
ISBN 818929731-7
082 ## - DEWEY DECIMAL CLASSIFICATION NUMBER
Classification number 920
Item number BAL/J
100 ## - MAIN ENTRY--AUTHOR NAME
Personal name BALASUBRAMANIAM,S
245 ## - TITLE STATEMENT
Title JAWAHARLAL NEHRU
260 ## - PUBLICATION, DISTRIBUTION, ETC. (IMPRINT)
Place of publication INDIA
Name of publisher VIJAY GOEL
300 ## - PHYSICAL DESCRIPTION
Number of Pages 143
650 ## - SUBJECT ADDED ENTRY--TOPICAL TERM
Topical Term LIFE & WORKS OF JAWAHARLAL NEHRU
Geographic subdivision DELHI
942 ## - ADDED ENTRY ELEMENTS (KOHA)
Koha item type Books
Holdings
Withdrawn status Lost status Collection code Home library Current library Shelving location Date acquired Source of acquisition Full call number Accession Number Koha item type
    Reference Main Library Main Library SHELF-17-I-BIOGRAPHIES & AUTOBIOGRAPHIES 08/03/2012 PURCHASE 920 BAL/J 03884 Books